| 000 | 00674nam a2200217Ia 4500 | ||
|---|---|---|---|
| 005 | 20241129104149.0 | ||
| 008 | 241129s9999||||xx |||||||||||||| ||und|| | ||
| 020 | _a9781781951507 | ||
| 037 | _aReference | ||
| 040 |
_aRTL _beng _cRTL |
||
| 041 |
_aeng _2eng |
||
| 084 |
_aX:77:(G:526) Q4/RR _qRTL |
||
| 100 |
_aNunes Paulo A.L.D _9725056 |
||
| 245 | 0 |
_aHANDBOOK ON the economics of ecosystem services and biodiversity _cNunes Paulo A.L.D |
|
| 260 |
_aUK _bEdward Elgar Publishers _c2014 |
||
| 300 | _axix,588p. | ||
| 365 |
_aINR _b17949.6 |
||
| 650 | _aEnvironmental Economics | ||
| 942 |
_cRef _hX:77:(G:526) Q4/RR |
||
| 999 |
_c1224692 _d1224692 |
||